书目信息 |
| 题名: |
苏联的教育管理
|
|
| 作者: | 帕纳钦 , Паначйн 著 ;李子卓 译 | |
| 分册: | ||
| 出版信息: | 北京 文化教育出版社 1982 |
|
| 页数: | 249页 | |
| 开本: | 19cm | |
| 丛书名: | ||
| 单 册: | ||
| 中图分类: | G551.23 , G551.26 | |
| 科图分类: | ||
| 主题词: | 教育管理学--苏联 , 教育事业--世界 | |
| 电子资源: | ||
| ISBN: | ||
| 000 | 00970nam0 2200313 45 | |
| 001 | 0182003874 | |
| 005 | 20040425133113.6 | |
| 010 | @dCNY0.61 | |
| 091 | @a7057.064 | |
| 100 | @a19951002d1982 em y0chiy0121 ea | |
| 101 | 1 | @achi@crus |
| 102 | @aCN@b110000 | |
| 105 | @ay z 000yy | |
| 106 | @ar | |
| 200 | 10 | @a苏联的教育管理@Asu lian de jiao yu guan li@f(苏)帕纳钦(Ф.Г.Паначин)著@g李子卓译 |
| 210 | @a北京@c文化教育出版社@d1982 | |
| 215 | @a249页@d19cm | |
| 300 | @a书名原文:Управление просвещением в CCCP | |
| 510 | 1 | @aУправление просвещением в CCCP@zrus |
| 606 | @a教育管理学@y苏联 | |
| 606 | 0 | @a教育事业@x世界 |
| 690 | @aG551.23@v3 | |
| 690 | @aG551.26 | |
| 701 | 1 | @a帕纳钦@Apa na qin@bФ.Г.@4著 |
| 701 | A1 | @aПаначйн@bФ.Г.@4著 |
| 702 | 0 | @a李子卓@Ali zi zhuo@4译 |
| 801 | 0 | @aCN@b上海图书馆@c20040425 |
| 801 | 2 | @aCN@bNLC@c20040425 |
| 905 | @f2@b93144-145@dG551.26@e10 | |
| 苏联的教育管理/(苏)帕纳钦(Ф.Г.Паначин)著/李子卓译.-北京:文化教育出版社,1982 |
| 249页;19cm |
| 书名原文:Управление просвещением в CCCP |
| ISBN :CNY0.61 |
| ● |
| 相关链接 |
|
|
|
|
正题名:苏联的教育管理
索取号:G551.26/10
 
预约/预借
| 序号 | 登录号 | 条形码 | 馆藏地/架位号 | 状态 | 备注 |
| 1 | 0093144 | 000464116 | 密集书库/ [索取号:G551.26/10] | 在馆 | |
| 2 | 0093145 | 000464143 | 密集书库/ [索取号:G551.26/10] | 在馆 | |
| 3 | 0093146 | 000464107 | 第一样本阅览室/ [索取号:G551.26/10] | 在馆 |